The Mango Orchard (Record no. 15233)
[ view plain ]
| 000 -LEADER | |
|---|---|
| fixed length control field | nam a22 7a 4500 |
| 005 - DATE AND TIME OF LATEST TRANSACTION | |
| control field | 20200318153629.0 |
| 008 - FIXED-LENGTH DATA ELEMENTS--GENERAL INFORMATION | |
| fixed length control field | 200318b xxu||||| |||| 00| 0 eng d |
| 040 ## - CATALOGING SOURCE | |
| Transcribing agency | SFHE |
| 082 ## - DEWEY DECIMAL CLASSIFICATION NUMBER | |
| Classification number | PS3569.E648L68 |
| 245 ## - TITLE STATEMENT | |
| Title | The Mango Orchard |
| Remainder of title | travelling back to the secret heart of mexico |
| Statement of responsibility, etc. | Robin Bayley |
| 260 ## - PUBLICATION, DISTRIBUTION, ETC. | |
| Place of publication, distribution, etc. | London |
| Name of publisher, distributor, etc. | Preface |
| Date of publication, distribution, etc. | 2010 |
| 300 ## - PHYSICAL DESCRIPTION | |
| Extent | 277,p. |
| 942 ## - ADDED ENTRY ELEMENTS (KOHA) | |
| Source of classification or shelving scheme | |
| Koha item type | OS Book |
| Classification part | PS3569.E64 L68 |
| Withdrawn status | Lost status | Source of classification or shelving scheme | Damaged status | Not for loan | Home library | Current library | Shelving location | Date acquired | Source of acquisition | Cost, normal purchase price | Inventory number | Total Checkouts | Full call number | Barcode | Date last seen | Copy number | Cost, replacement price | Price effective from | Koha item type |
|---|---|---|---|---|---|---|---|---|---|---|---|---|---|---|---|---|---|---|---|
| CUZ Harare Campus | CUZ Harare Campus | Open Shelf | 18.03.2020 | Donation | 45.00 | CU13994 | PS3569.E64 L68 | BK008382 | 22.05.2025 | 1 | 45.00 | 18.03.2020 | OS Book | ||||||
| CUZ Harare Campus | CUZ Harare Campus | Open Shelf | 18.03.2020 | Donation | 45.00 | CU13993 | PS3569.E64 L68 | BK008388 | 22.05.2025 | 2 | 45.00 | 18.03.2020 | OS Book | ||||||
| CUZ Harare Campus | CUZ Harare Campus | Open Shelf | 18.03.2020 | Donation | 45.00 | CU13992 | PS3569.E64 L68 | BK008379 | 18.03.2020 | 3 | 45.00 | 18.03.2020 | OS Book |